[Event "Titled Tuesday intern op 10th Jan Late"]
[Site "Chess.com INT"]
[Date "2023.01.10"]
[Round "11"]
[White "Martinez, Marcel"]
[Black "Domingo Nunez, Alejandro"]
[Result "1-0"]
[WhiteElo "2402"]
[BlackElo "2353"]
[PlyCount "39"]
[EventDate "2023.01.10"]
[EventType "swiss (blitz)"]
[EventRounds "11"]
[EventCountry "USA"]
[SourceTitle "EXT 2024"]
[Source "ChessBase"]
[SourceDate "2023.10.10"]
[SourceVersion "1"]
[SourceVersionDate "2023.10.10"]
[SourceQuality "1"]

1. e4 g6 2. d4 Bg7 3. Nc3 c6 4. h3 d5 5. Nf3 dxe4 6. Nxe4 Nf6 7. Bd3 Kf8 8. 0-0 Nbd7 9. c3 Nxe4 10. Bxe4 Nf6 11. Bc2 h6 12. Re1 Be6 13. Bxg6 Bxh3 14. gxh3 fxg6 15. Ne5 Rg8 16. Qb3 Nd5 17. Qxb7 Bxe5 18. Rxe5 Qb8 19. Bxh6+ Kf7 20. Qxc6 1-0

[Event "Titled Tuesday intern op 10th Jan Late"]
[Site "Chess.com INT"]
[Date "2023.01.10"]
[Round "1"]
[White "Martinez, Marcel"]
[Black "Novikova, Margarita"]
[Result "1-0"]
[WhiteElo "2402"]
[BlackElo "2013"]
[PlyCount "71"]
[EventDate "2023.01.10"]
[EventType "swiss (blitz)"]
[EventRounds "11"]
[EventCountry "USA"]
[SourceTitle "EXT 2024"]
[Source "ChessBase"]
[SourceDate "2023.10.10"]
[SourceVersion "1"]
[SourceVersionDate "2023.10.10"]
[SourceQuality "1"]

1. e4 d5 2. exd5 Qxd5 3. Nc3 Qd6 4. g3 Nf6 5. Bg2 a6 6. Nge2 Nc6 7. 0-0 e5 8. d3 Bg4 9. h3 Bh5 10. g4 Bg6 11. f4 Qc5+ 12. Kh1 exf4 13. Bxf4 0-0-0 14. a3 Bd6 15. b4 Qa7 16. b5 Ne7 17. bxa6 Qxa6 18. Rb1 Nc6 19. Bxd6 Rxd6 20. Rf4 Qxa3 21. Nb5 Qc5 22. Rc4 Qf2 23. Nxd6+ cxd6 24. Qf1 Qxf1+ 25. Rxf1 d5 26. Rc5 h6 27. Nf4 h5 28. g5 Nd7 29. Rxd5 Nb6 30. Rb5 Kc7 31. Rfb1 Nd7 32. Rxb7+ Kd6 33. d4 Rb8 34. Bxc6 Rxb7 35. Bxb7 Bxc2 36. Re1 1-0

[Event "Titled Tuesday intern op 03rd Jan Late"]
[Site "Chess.com INT"]
[Date "2023.01.03"]
[Round "10"]
[White "Martinez, Marcel"]
[Black "Domingo Nunez, Ruben"]
[Result "1-0"]
[WhiteElo "2402"]
[BlackElo "2380"]
[PlyCount "133"]
[EventDate "2023.01.03"]
[EventType "swiss (blitz)"]
[EventRounds "11"]
[EventCountry "USA"]
[SourceTitle "EXT 2024"]
[Source "ChessBase"]
[SourceDate "2023.10.10"]
[SourceVersion "1"]
[SourceVersionDate "2023.10.10"]
[SourceQuality "1"]

1. e4 g6 2. d4 Bg7 3. Nc3 c6 4. h3 d5 5. Nf3 dxe4 6. Nxe4 Nf6 7. Bd3 0-0 8. 0-0 a5 9. c3 Na6 10. Re1 Nc7 11. a4 Re8 12. Bg5 Ne6 13. Be3 Nd5 14. Bd2 b6 15. h4 Nef4 16. Bf1 Bg4 17. g3 Nh5 18. Be2 Nhf6 19. Neg5 Bxf3 20. Bxf3 Qd6 21. Qb3 Rad8 22. Rad1 e6 23. Bc1 Qc7 24. Kg2 Bf8 25. h5 h6 26. Ne4 Nxe4 27. Rxe4 g5 28. Rde1 Nf6 29. R4e2 c5 30. dxc5 Bxc5 31. Qb5 g4 32. Bc6 Re7 33. Bxh6 Nxh5 34. Rh1 Rc8 35. Bg5 f6 36. Rxh5 Qxc6+ 37. Qxc6 Rxc6 38. Bxf6 Rd7 39. Rg5+ Kf7 40. Be5 Rd1 41. Rg7+ Kf8 42. Rxg4 Rc8 43. Rh4 Kf7 44. Rh7+ Kg6 45. Rh1 Rxh1 46. Kxh1 Rd8 47. Kg2 Rd1 48. Kf3 Kf5 49. Bc7 Rd3+ 50. Kg2 Rd5 51. Bf4 Rd3 52. Bd2 Rd5 53. f3 Rd3 54. g4+ Kf6 55. Kg3 Bd6+ 56. Bf4 e5 57. Be3 e4+ 58. Kf2 Bf4 59. fxe4 Bd6 60. Kf3 Ke5 61. g5 Bc5 62. g6 Kf6 63. Kf4 Bd6+ 64. e5+ Bxe5+ 65. Ke4 Rd7 66. Rg2 Ke6 67. Bd4 1-0

[Event "Titled Tuesday intern op 03rd Jan Late"]
[Site "Chess.com INT"]
[Date "2023.01.03"]
[Round "7"]
[White "Martinez, Marcel"]
[Black "Novikova, Galina"]
[Result "0-1"]
[WhiteElo "2402"]
[BlackElo "2073"]
[PlyCount "54"]
[EventDate "2023.01.03"]
[EventType "swiss (blitz)"]
[EventRounds "11"]
[EventCountry "USA"]
[SourceTitle "EXT 2024"]
[Source "ChessBase"]
[SourceDate "2023.10.10"]
[SourceVersion "1"]
[SourceVersionDate "2023.10.10"]
[SourceQuality "1"]

1. e4 e6 2. d4 d5 3. e5 c5 4. c3 Nc6 5. Nf3 Bd7 6. Be2 f6 7. 0-0 Qc7 8. Re1 0-0-0 9. Bd3 f5 10. Bg5 Re8 11. h4 h6 12. Be3 g5 13. hxg5 hxg5 14. Bxg5 Nh6 15. Nbd2 Ng4 16. Nf1 Rh1+ 17. Kxh1 Nxf2+ 18. Kg1 Nxd1 19. Raxd1 Be7 20. Bxe7 Nxe7 21. dxc5 Qxc5+ 22. Nd4 Nc6 23. b4 Qb6 24. Bc2 Nxd4 25. Rxd4 Kb8 26. Ne3 Rc8 27. Rd3 f4 0-1

[Event "USA tt"]
[Site "ICC INT"]
[Date "2014.10.28"]
[Round "10"]
[White "Gulamali, Kazim"]
[Black "Martinez, Marcel"]
[Result "0-1"]
[WhiteElo "2283"]
[BlackElo "2427"]
[PlyCount "76"]
[EventDate "2014.08.26"]
[EventType "team-tourn"]
[EventRounds "10"]
[EventCountry "USA"]
[SourceTitle "EXT 2015"]
[Source "ChessBase"]
[SourceDate "2014.11.20"]
[SourceVersion "1"]
[SourceVersionDate "2014.11.20"]
[SourceQuality "1"]
[WhiteTeam "Atlanta"]
[BlackTeam "Miami"]
[WhiteTeamCountry "USA"]
[BlackTeamCountry "USA"]

1. Nf3 Nf6 2. c4 c6 3. d4 d5 4. Nc3 dxc4 5. a4 Bf5 6. e3 e6 7. Bxc4 Bb4 8. 0-0 0-0 9. Ne5 Nbd7 10. Qb3 a5 11. Nxd7 Qxd7 12. Rd1 Qe7 13. f3 e5 14. e4 Bg6 15. Be3 Rfd8 16. d5 Bc5 17. Bxc5 Qxc5+ 18. Kh1 h5 19. Rd3 h4 20. Rf1 Rac8 21. Qa2 Qb4 22. b3 Nh5 23. Qf2 Nf4 24. Re3 Qc5 25. g3 Nh5 26. Kg2 Qe7 27. Kh1 Rd6 28. Ree1 hxg3 29. hxg3 Bh7 30. Rg1 Qg5 31. Rg2 Rg6 32. Reg1 Qh6 33. Rh2 Qg5 34. Rh3 Rh6 35. Kh2 Rd8 36. f4 Qe7 37. f5 Qg5 38. Kg2 Nf4+ 0-1

[Event "USA tt"]
[Site "ICC INT"]
[Date "2014.10.07"]
[Round "7"]
[White "Brattain, Mika A"]
[Black "Martinez, Marcel"]
[Result "0-1"]
[WhiteElo "2352"]
[BlackElo "2427"]
[PlyCount "68"]
[EventDate "2014.08.26"]
[EventType "team-tourn"]
[EventRounds "10"]
[EventCountry "USA"]
[SourceTitle "CBM 162 Extra"]
[Source "ChessBase"]
[SourceDate "2014.10.17"]
[SourceVersion "1"]
[SourceVersionDate "2014.10.17"]
[SourceQuality "1"]
[WhiteTeam "New England"]
[BlackTeam "Miami"]
[WhiteTeamCountry "USA"]
[BlackTeamCountry "USA"]

1. Nf3 Nf6 2. c4 g6 3. Nc3 Bg7 4. e4 d6 5. d4 0-0 6. Be2 e5 7. 0-0 Na6 8. Re1 Bg4 9. Be3 c6 10. d5 Bd7 11. Nd2 c5 12. a3 Kh8 13. Rb1 Ng8 14. f3 Bh6 15. Bf2 f5 16. Bd3 Nf6 17. b4 b6 18. Nb5 Qe7 19. exf5 gxf5 20. Bh4 Rg8 21. Nf1 Qf8 22. Ng3 Bg5 23. Bxg5 Rxg5 24. Qd2 f4 25. Nc3 Qh6 26. Nce4 Nxe4 27. Nxe4 Rh5 28. bxc5 Rxh2 29. cxd6 Qh4 30. Nf2 Rg8 31. Bf1 Bh3 32. Qb2 Rgxg2+ 33. Bxg2 Rxg2+ 34. Kh1 Rh2+ 0-1

[Event "USA tt KO"]
[Site "ICC INT"]
[Date "2010.11.20"]
[Round "3"]
[White "Martinez, Marcel"]
[Black "Hungaski, Robert Andrew"]
[Result "0-1"]
[WhiteElo "2431"]
[BlackElo "2451"]
[PlyCount "76"]
[EventDate "2010.11.01"]
[EventType "team-match"]
[EventRounds "2"]
[EventCountry "USA"]
[SourceTitle "EXT 2011"]
[Source "ChessBase"]
[SourceDate "2010.11.26"]
[SourceVersion "1"]
[SourceVersionDate "2010.11.26"]
[SourceQuality "1"]
[WhiteTeam "Miami"]
[BlackTeam "New England"]
[WhiteTeamCountry "USA"]
[BlackTeamCountry "USA"]

1. e4 c5 2. Nf3 e6 3. d4 cxd4 4. Nxd4 a6 5. Bd3 Nf6 6. 0-0 Qc7 7. Qe2 d6 8. f4 g6 9. c4 Bg7 10. Nc3 0-0 11. Kh1 b6 12. Nf3 Nc6 13. Bd2 Bb7 14. Rae1 Nd7 15. Bb1 Rae8 16. b3 Qb8 17. Qf2 b5 18. cxb5 axb5 19. Bd3 Ba6 20. Qe2 Nb4 21. Bb1 Nc6 22. Bd3 Nb4 23. Bb1 Nc6 24. Bd3 Nc5 25. Bxb5 Bxc3 26. Bxa6 Bxd2 27. Nxd2 Qa8 28. Bc4 d5 29. Qf2 Qa5 30. exd5 exd5 31. Rxe8 Rxe8 32. Bxd5 Nd3 33. Qf3 Qxd2 34. Bxc6 Re3 35. Qd5 Re1 36. Qf3 Re3 37. Qd5 Re1 38. Qf3 Qe3 0-1

[Event "USA tt sf"]
[Site "ICC INT"]
[Date "2010.11.10"]
[Round "2"]
[White "Adamson, Robby"]
[Black "Martinez, Marcel"]
[Result "0-1"]
[WhiteElo "2334"]
[BlackElo "2431"]
[PlyCount "98"]
[EventDate "2010.11.01"]
[EventType "team-match"]
[EventRounds "3"]
[EventCountry "USA"]
[SourceTitle "EXT 2011"]
[Source "ChessBase"]
[SourceDate "2010.11.26"]
[SourceVersion "1"]
[SourceVersionDate "2010.11.26"]
[SourceQuality "1"]
[WhiteTeam "Arizona"]
[BlackTeam "Miami"]
[WhiteTeamCountry "USA"]
[BlackTeamCountry "USA"]

1. e4 g6 2. d4 Bg7 3. Nf3 c6 4. Nc3 d5 5. h3 dxe4 6. Nxe4 Nf6 7. Nxf6+ exf6 8. Bd3 0-0 9. 0-0 a5 10. a4 Na6 11. c3 Nc7 12. Re1 Be6 13. Qc2 Re8 14. Bd2 Qd7 15. Rad1 b5 16. Bc1 Bd5 17. Nd2 f5 18. b3 Ne6 19. Bf1 b4 20. Nc4 Qc7 21. Bb2 f4 22. f3 Qa7 23. Qf2 bxc3 24. Bxc3 c5 25. Nd6 Red8 26. Nb5 Qe7 27. Bc4 Bxc4 28. bxc4 cxd4 29. Bxd4 Qb4 30. Bxg7 Kxg7 31. Nc7 Nxc7 32. Rb1 Qd2 33. Qf1 Re8 34. c5 Rxe1 35. Rxe1 Qd4+ 36. Kh2 Qxc5 37. Rc1 Qe5 38. Re1 Qf6 39. Qc4 Ne6 40. Qd5 Ra7 41. Kh1 h5 42. Qc6 Rc7 43. Qb6 Qc3 44. Rb1 Nd4 45. Qd6 Ne2 46. Kh2 Qc5 47. Qd3 Qe3 48. Qd6 Rc1 49. Rxc1 Nxc1 0-1

[Event "Foxwoods op 10th"]
[Site "Ledyard"]
[Date "2008.03.23"]
[Round "8"]
[White "Martinez, Marcel"]
[Black "Arkell, Keith C"]
[Result "1/2-1/2"]
[WhiteElo "2418"]
[BlackElo "2489"]
[PlyCount "131"]
[EventDate "2008.03.19"]
[EventType "swiss"]
[EventRounds "9"]
[EventCountry "USA"]
[SourceTitle "CBM 123 Extra"]
[Source "ChessBase"]
[SourceDate "2008.05.06"]
[SourceVersion "1"]
[SourceVersionDate "2008.05.06"]
[SourceQuality "1"]

1. e4 c6 2. d4 d5 3. Nc3 dxe4 4. Nxe4 Nd7 5. Ng5 Ngf6 6. Bd3 e6 7. Qe2 Be7 8. N1f3 h6 9. Ne4 c5 10. Nxf6+ Nxf6 11. dxc5 Bxc5 12. 0-0 0-0 13. c4 b6 14. Bf4 Bb7 15. Rad1 Qe7 16. Ne5 Rfd8 17. Bc2 Rxd1 18. Rxd1 Rd8 19. Rxd8+ Qxd8 20. Be3 Bxe3 21. Qxe3 Be4 22. Bd3 Qd6 23. f4 Bb7 24. a3 a5 25. Bc2 Kf8 26. h3 Ke7 27. Kf2 h5 28. g3 g6 29. Ke1 Bg2 30. h4 Bb7 31. Bd3 Kf8 32. Ke2 Kg7 33. Bc2 Kg8 34. Bd3 Bc6 35. Bc2 Be8 36. Qc3 Ng4 37. Be4 a4 38. Nxg4 hxg4 39. Qe5 Qd8 40. Bd3 Qa8 41. Be4 Bc6 42. Bd3 Bh1 43. Qe3 Qg2+ 44. Qf2 Qc6 45. Kd2 Be4 46. Bxe4 Qxe4 47. Kc3 e5 48. fxe5 Qxe5+ 49. Kd3 Kf8 50. Kc2 Qc7 51. Kc3 Qe5+ 52. Kc2 Qd6 53. Qe3 f5 54. Qh6+ Kf7 55. h5 Qf6 56. Qh7+ Qg7 57. hxg6+ Kf6 58. Kc3 Qxh7 59. gxh7 Kg7 60. h8Q+ Kxh8 61. Kd4 Kg7 62. Ke5 Kg6 63. Ke6 Kg5 64. Ke5 Kg6 65. Ke6 Kg5 66. Ke5 1/2-1/2

[Event "Foxwoods op 10th"]
[Site "Ledyard"]
[Date "2008.03.21"]
[Round "5"]
[White "Martinez, Marcel"]
[Black "Shulman, Yuri"]
[Result "0-1"]
[WhiteElo "2418"]
[BlackElo "2614"]
[PlyCount "108"]
[EventDate "2008.03.19"]
[EventType "swiss"]
[EventRounds "9"]
[EventCountry "USA"]
[SourceTitle "CBM 123 Extra"]
[Source "ChessBase"]
[SourceDate "2008.05.06"]
[SourceVersion "1"]
[SourceVersionDate "2008.05.06"]
[SourceQuality "1"]

1. e4 e6 2. d4 d5 3. Nc3 Bb4 4. Nge2 Nf6 5. e5 Ne4 6. a3 Nxc3 7. Nxc3 Bxc3+ 8. bxc3 0-0 9. Bd3 f5 10. 0-0 c5 11. dxc5 Nd7 12. Qe1 Nxc5 13. a4 Rf7 14. Qe3 Rc7 15. Qd4 Bd7 16. Be3 Rac8 17. Qb4 a5 18. Qxa5 Nxd3 19. cxd3 Rxc3 20. Qb4 Rxd3 21. Qxb7 d4 22. Bf4 Bc6 23. Qa6 Rc3 24. a5 Ra8 25. Qb6 Qxb6 26. axb6 Rxa1 27. Rxa1 Rb3 28. f3 Rxb6 29. Rd1 Rb4 30. Bd2 Rb3 31. Bf4 d3 32. Kf2 h6 33. h4 Bb5 34. Rd2 Kf7 35. h5 Bc4 36. Ra2 Rb7 37. Ra1 Rb2+ 38. Kg3 g5 39. hxg6+ Kxg6 40. Rd1 h5 41. Rd2 Rb1 42. Kf2 Kf7 43. Ke3 Bb5 44. Kf2 Ke7 45. Ra2 Kd7 46. Bd2 Kc6 47. Ra8 Rd1 48. Ra2 Bc4 49. Rb2 Kd5 50. Bf4 Kd4 51. Rd2 Rb1 52. Bg3 Kc3 53. Bf4 h4 54. Bg5 Rb2 0-1

[Event "USA tt"]
[Site "ICC INT"]
[Date "2007.10.24"]
[Round "9"]
[White "Milman, Lev"]
[Black "Martinez, Marcel"]
[Result "1-0"]
[WhiteElo "2499"]
[BlackElo "2386"]
[PlyCount "127"]
[EventDate "2007.08.29"]
[EventType "team"]
[EventRounds "10"]
[EventCountry "USA"]
[SourceTitle "CBM 120 Extra"]
[Source "ChessBase"]
[SourceDate "2007.11.01"]
[SourceVersion "1"]
[SourceVersionDate "2007.11.01"]
[SourceQuality "1"]

1. e4 c5 2. Nf3 d6 3. d4 cxd4 4. Nxd4 Nf6 5. Nc3 Nc6 6. Bg5 e6 7. Qd2 a6 8. 0-0-0 Bd7 9. f4 h6 10. Bh4 g5 11. fxg5 Ng4 12. Nf3 hxg5 13. Bg3 Be7 14. Bc4 Nge5 15. Bb3 Rc8 16. Kb1 b5 17. Rhf1 f6 18. Ne2 Na5 19. Ned4 Nac4 20. Qe2 Qc7 21. h4 g4 22. Ne1 Nxb2 23. Kxb2 Qc3+ 24. Kb1 Nc4 25. Bxc4 bxc4 26. Qxg4 Rb8+ 27. Nb3 cxb3 28. axb3 Kf7 29. Rf3 Qc6 30. e5 f5 31. Qd4 d5 32. Rc3 Qb5 33. Nf3 Qa5 34. Be1 Qb5 35. g4 fxg4 36. Qf4+ Ke8 37. Qxg4 Qe2 38. Qg6+ Kd8 39. Rcd3 Kc8 40. R1d2 Qf1 41. Rf2 Qh1 42. Rh2 Qf1 43. Rf2 Qh1 44. Kb2 Kb7 45. Qg7 Rbe8 46. Rh2 Qf1 47. Rf2 Qh1 48. Rg2 Bb5 49. Rg1 Qh3 50. Ng5 Qh2 51. Rdg3 Rhg8 52. Qf7 Rgf8 53. Qg7 Rg8 54. Qf7 Rgf8 55. Qg6 Rg8 56. Qh5 Rh8 57. Qd1 Qxh4 58. Nxe6 Qe4 59. Bc3 Rh2 60. Re1 Qh4 61. Rg7 Bc6 62. Rf1 Kb8 63. Rff7 Qh6 64. Rxe7 1-0

[Event "USA tt"]
[Site "ICC INT"]
[Date "2007.10.17"]
[Round "8"]
[White "Andrews, Todd D"]
[Black "Martinez, Marcel"]
[Result "1-0"]
[WhiteElo "2298"]
[BlackElo "2386"]
[PlyCount "105"]
[EventDate "2007.08.29"]
[EventType "team"]
[EventRounds "10"]
[EventCountry "USA"]
[SourceTitle "CBM 120 Extra"]
[Source "ChessBase"]
[SourceDate "2007.11.01"]
[SourceVersion "1"]
[SourceVersionDate "2007.11.01"]
[SourceQuality "1"]

1. e4 e5 2. Nf3 Nc6 3. Bb5 a6 4. Ba4 Nf6 5. 0-0 Be7 6. Re1 b5 7. Bb3 d6 8. c3 0-0 9. h3 Na5 10. Bc2 c5 11. d4 Nd7 12. d5 Nb6 13. Nbd2 f5 14. exf5 Bxf5 15. Bxf5 Rxf5 16. Ne4 Ra7 17. Qd3 Qf8 18. Bg5 c4 19. Qe3 Qb8 20. Rad1 Na4 21. Re2 Rb7 22. Bxe7 Rxe7 23. Nfg5 Nb7 24. Qg3 Qe8 25. Qh4 h6 26. Ne6 Nb6 27. Qg4 Qf7 28. Nd8 Nxd8 29. Nxd6 Rf6 30. Nxf7 Nxf7 31. Re3 Nd6 32. Rg3 Na4 33. b3 Nc5 34. bxc4 bxc4 35. Rb1 Kh7 36. Rb6 Nce4 37. Rf3 Rg6 38. Qh4 Ng5 39. Rf8 Re8 40. Rxd6 Rxf8 41. Rxg6 Kxg6 42. Qxc4 Rf6 43. Qc8 Rb6 44. c4 Rb1+ 45. Kh2 Rb2 46. h4 Nh7 47. Qe8+ Kf5 48. Qe6+ Kf4 49. g3+ Ke4 50. Qg6+ Kd4 51. Qxh7 Rxf2+ 52. Kh3 e4 53. d6 1-0

[Event "Miami op"]
[Site "Miami"]
[Date "2007.09.29"]
[Round "7"]
[White "Martinez, Marcel"]
[Black "Akobian, Varuzhan"]
[Result "1/2-1/2"]
[WhiteElo "2386"]
[BlackElo "2570"]
[PlyCount "115"]
[EventDate "2007.09.26"]
[EventType "swiss"]
[EventRounds "9"]
[EventCountry "USA"]
[SourceTitle "CBM 120 Extra"]
[Source "ChessBase"]
[SourceDate "2007.11.01"]
[SourceVersion "1"]
[SourceVersionDate "2007.11.01"]
[SourceQuality "1"]

1. d4 Nf6 2. c4 e6 3. Nf3 b6 4. g3 Ba6 5. Qc2 c5 6. d5 exd5 7. cxd5 g6 8. Bg2 Bg7 9. 0-0 0-0 10. Nc3 d6 11. a4 Bb7 12. Rd1 Na6 13. Nd2 Nb4 14. Qb3 Ng4 15. Nc4 Ne5 16. Ne3 f5 17. f4 Nd7 18. Nc4 Nf6 19. Nb5 Ne8 20. Bd2 a6 21. Nba3 a5 22. Bc3 Ba6 23. e4 fxe4 24. Bxe4 Ra7 25. Bg2 Bf6 26. Ne3 Bc8 27. Nac4 Re7 28. Bf3 h5 29. Re1 Ng7 30. Bxf6 Rxf6 31. Nd2 Qe8 32. Qc3 Rff7 33. Ndc4 Qd8 34. Nd2 Qe8 35. Ndc4 Qd8 36. Nd2 Nf5 37. Nxf5 Bxf5 38. Ne4 Nxd5 39. Qb3 Nb4 40. Ng5 Kg7 41. Nxf7 Rxf7 42. Rad1 Nc2 43. Qc3+ Kh7 44. Bd5 Rf8 45. Re2 Nd4 46. Rxd4 cxd4 47. Qxd4 Re8 48. Rxe8 Qxe8 49. Kf2 Qc8 50. Qc4 Qc5+ 51. Qxc5 bxc5 52. Ke3 Kg7 53. Kd2 Kf6 54. Kc3 Bh3 55. Bg8 Kg7 56. Bd5 Kf6 57. Bg8 Bf1 58. Bd5 1/2-1/2

[Event "Miami op"]
[Site "Miami"]
[Date "2007.09.26"]
[Round "1"]
[White "Santa Torres, Juan"]
[Black "Martinez, Marcel"]
[Result "0-1"]
[WhiteElo "2225"]
[BlackElo "2386"]
[PlyCount "104"]
[EventDate "2007.09.26"]
[EventType "swiss"]
[EventRounds "9"]
[EventCountry "USA"]
[SourceTitle "CBM 120 Extra"]
[Source "ChessBase"]
[SourceDate "2007.11.01"]
[SourceVersion "1"]
[SourceVersionDate "2007.11.01"]
[SourceQuality "1"]

1. d4 Nf6 2. Nf3 e6 3. e3 b6 4. Bd3 Bb7 5. 0-0 c5 6. c3 Be7 7. Nbd2 0-0 8. Qe2 cxd4 9. cxd4 Nd5 10. a3 f5 11. Nb1 Nc6 12. Nc3 Na5 13. Nd2 Bd6 14. Nxd5 Bxd5 15. g3 Nc6 16. b4 Qf6 17. Bb2 Qh6 18. Bc4 Ne7 19. Bxd5 Nxd5 20. Nc4 Bc7 21. Ne5 Bxe5 22. dxe5 Qg6 23. Rac1 f4 24. exf4 Nxf4 25. Qd2 Nd5 26. Qe2 h5 27. Rc4 Rf5 28. Kh1 Raf8 29. f3 Qg5 30. Re4 Qd8 31. Qd3 Qc8 32. Kg2 Qc6 33. b5 Qa8 34. Kg1 Rc8 35. Rc1 Rcf8 36. Rf1 Qc8 37. Rc4 Qe8 38. Ra4 Qb8 39. Re4 Rc8 40. Rfe1 Rc7 41. Rd4 Rc5 42. a4 Rxe5 43. Rde4 Rf5 44. Qd4 Nf6 45. Qd3 Nxe4 46. fxe4 Rf7 47. Ba3 Rc8 48. Bd6 Qb7 49. Qe2 Rc3 50. Qxh5 Qc8 51. Qg5 Rc2 52. e5 Qa8 0-1

[Event "World op 35th"]
[Site "Philadelphia"]
[Date "2007.07.03"]
[Round "6"]
[White "Critelli, James M"]
[Black "Martinez, Marcel"]
[Result "0-1"]
[WhiteElo "2264"]
[BlackElo "2386"]
[PlyCount "66"]
[EventDate "2007.06.30"]
[EventType "swiss"]
[EventRounds "9"]
[EventCountry "USA"]
[SourceTitle "CBM 119 Extra"]
[Source "ChessBase"]
[SourceDate "2007.09.04"]
[SourceVersion "1"]
[SourceVersionDate "2007.09.04"]
[SourceQuality "1"]

1. e4 e5 2. Nf3 Nc6 3. Bb5 a6 4. Ba4 Nf6 5. 0-0 Be7 6. Re1 b5 7. Bb3 d6 8. c3 0-0 9. d4 Bg4 10. Be3 exd4 11. cxd4 Na5 12. Bc2 c5 13. h3 Bh5 14. g4 Bg6 15. Nbd2 cxd4 16. Nxd4 d5 17. e5 Ne4 18. Nxe4 Bxe4 19. Bxe4 dxe4 20. Qc2 Bb4 21. Red1 Qd5 22. a3 Rfc8 23. Qe2 Bf8 24. Bf4 Nc4 25. Nf5 Qe6 26. Rd4 g6 27. Ng3 e3 28. Bxe3 Qxe5 29. Rad1 Re8 30. Ne4 Bg7 31. Nd6 Nxe3 32. Re4 Nxd1 33. Qxd1 Qxe4 0-1

[Event "World op 35th"]
[Site "Philadelphia"]
[Date "2007.07.03"]
[Round "7"]
[White "Martinez, Marcel"]
[Black "Banawa, Joel Cholo"]
[Result "1-0"]
[WhiteElo "2386"]
[BlackElo "2310"]
[PlyCount "135"]
[EventDate "2007.06.30"]
[EventType "swiss"]
[EventRounds "9"]
[EventCountry "USA"]
[SourceTitle "CBM 119 Extra"]
[Source "ChessBase"]
[SourceDate "2007.09.04"]
[SourceVersion "1"]
[SourceVersionDate "2007.09.04"]
[SourceQuality "1"]

1. e4 c5 2. Nf3 e6 3. d4 cxd4 4. Nxd4 a6 5. Nc3 Qc7 6. Bd3 Nf6 7. 0-0 Bc5 8. Nb3 Be7 9. f4 d6 10. Qe2 Nbd7 11. Bd2 b5 12. a4 b4 13. Nd1 Bb7 14. Nf2 a5 15. c3 Nc5 16. Nxc5 dxc5 17. e5 Nd7 18. Ne4 0-0 19. c4 Rfd8 20. Be3 Nf8 21. Bb1 Rac8 22. b3 Ng6 23. Qh5 Rd7 24. Bc2 Rcd8 25. Rad1 Rxd1 26. Rxd1 Rxd1+ 27. Qxd1 Nh4 28. Bf2 Nf5 29. Qd3 Qc6 30. Qh3 h6 31. Kf1 Nd4 32. Bb1 Qd7 33. Ke1 Qc6 34. Kf1 Qd7 35. Ke1 Qc6 36. Bg1 Kf8 37. Bf2 Kg8 38. Qe3 Nf5 39. Qd2 h5 40. Qd1 g6 41. g3 Qc7 42. Nd2 Nd4 43. Bxd4 cxd4 44. Be4 Bc8 45. Nf3 Bc5 46. Nxd4 Bb6 47. Nf3 Qc5 48. Qd2 Kg7 49. Kd1 Ba6 50. Kc1 Bxc4 51. bxc4 Qxc4+ 52. Qc2 Be3+ 53. Kb1 Qf1+ 54. Ka2 Bb6 55. Kb3 Qa1 56. Nd2 Qa3+ 57. Kc4 Qe3 58. Nb3 Qg1 59. Kb5 Ba7 60. Qc7 Qe3 61. Kxa5 Qxb3 62. Qxa7 Qc4 63. Qb7 b3 64. Qb4 Qc7+ 65. Ka6 Qc8+ 66. Kb6 b2 67. Qxb2 Qb8+ 68. Bb7 1-0

[Event "World op 35th"]
[Site "Philadelphia"]
[Date "2007.07.01"]
[Round "3"]
[White "Martinez, Marcel"]
[Black "Ftacnik, Lubomir"]
[Result "1/2-1/2"]
[WhiteElo "2386"]
[BlackElo "2573"]
[PlyCount "82"]
[EventDate "2007.06.30"]
[EventType "swiss"]
[EventRounds "9"]
[EventCountry "USA"]
[SourceTitle "CBM 119 Extra"]
[Source "ChessBase"]
[SourceDate "2007.09.04"]
[SourceVersion "1"]
[SourceVersionDate "2007.09.04"]
[SourceQuality "1"]

1. e4 c5 2. Nf3 d6 3. d4 cxd4 4. Nxd4 Nf6 5. Nc3 a6 6. Bg5 e6 7. f4 Be7 8. Qf3 Qc7 9. 0-0-0 Nbd7 10. g4 b5 11. Bxf6 Nxf6 12. g5 Nd7 13. f5 Bxg5+ 14. Kb1 Ne5 15. Qh5 Qd8 16. Nxe6 Bxe6 17. fxe6 g6 18. exf7+ Kxf7 19. Qh3 Ra7 20. Be2 Kg7 21. Nd5 Rf7 22. Qg3 Bh4 23. Qa3 Rf2 24. Qxa6 Qb8 25. Bxb5 Rc8 26. Nb4 Nf3 27. Rxd6 Nd2+ 28. Ka1 Bf6 29. e5 Bxe5 30. Rd7+ Kh6 31. Nd3 Rxc2 32. Qa4 Nc4 33. Rb1 Bxb2+ 34. Nxb2 Rxb2 35. Rxb2 Qe5 36. Rxh7+ Kxh7 37. Qa7+ Kh6 38. Qxf2 Nxb2 39. Qd2+ g5 40. Qxb2 Qe1+ 41. Qb1 Qc3+ 1/2-1/2

[Event "USA tt playoffs"]
[Site "ICC INT"]
[Date "2005.11.09"]
[Round "1"]
[White "Martinez, Marcel"]
[Black "Zilberstein, Dmitry"]
[Result "1-0"]
[WhiteElo "2402"]
[BlackElo "2371"]
[PlyCount "127"]
[EventDate "2005.11.09"]
[EventType "team"]
[EventRounds "1"]
[EventCountry "USA"]
[SourceTitle "EXT 2006"]
[Source "ChessBase"]
[SourceDate "2005.11.24"]
[SourceVersion "1"]
[SourceVersionDate "2005.11.24"]
[SourceQuality "1"]

1. e4 e5 2. Nf3 Nc6 3. Bb5 Nf6 4. d3 d6 5. c3 g6 6. 0-0 Bg7 7. Re1 0-0 8. Nbd2 Bd7 9. Nf1 Qe8 10. Ne3 a6 11. Ba4 Ne7 12. Bb3 Bc6 13. Nc4 b5 14. Na5 Bd7 15. d4 Nc6 16. Nxc6 Bxc6 17. Bc2 h6 18. a4 Qe7 19. h3 Rfe8 20. d5 Bd7 21. Bd2 c6 22. dxc6 Bxc6 23. axb5 axb5 24. Rxa8 Rxa8 25. Bd3 Qb7 26. Qc2 Nd7 27. b4 Nb6 28. Bf1 Nc4 29. Bc1 d5 30. exd5 Bxd5 31. Nd2 Nd6 32. Nb3 Kh7 33. Na5 Qc7 34. Rd1 Be6 35. Be3 f5 36. f3 Nb7 37. Nxb7 Qxb7 38. Rd6 Ra6 39. Qd2 e4 40. Rxa6 Qxa6 41. fxe4 fxe4 42. Qd8 Qc6 43. Bd4 Bxd4+ 44. Qxd4 Bd5 45. Kf2 Kg8 46. Ke3 Qd6 47. Qc5 Qg3+ 48. Kd4 Bf7 49. Bxb5 Qxg2 50. Bc6 Qf2+ 51. Kxe4 Qe2+ 52. Kd4 Qd2+ 53. Ke5 Qh2+ 54. Kf6 Qxh3 55. Ke7 Qc8 56. Qd6 Qf8+ 57. Kd7 Qg7 58. Qd4 Qf8 59. b5 Qe8+ 60. Kc7 Qe7+ 61. Bd7 Be6 62. Qd6 Qxd6+ 63. Kxd6 Bc4 64. Be6+ 1-0

[Event "USA tt"]
[Site "ICC INT"]
[Date "2005.11.02"]
[Round "10"]
[White "Zilberstein, Dmitry"]
[Black "Martinez, Marcel"]
[Result "1/2-1/2"]
[WhiteElo "2371"]
[BlackElo "2402"]
[PlyCount "69"]
[EventDate "2005.10.05"]
[EventType "team"]
[EventRounds "10"]
[EventCountry "USA"]
[SourceTitle "CBM 108 Extra"]
[Source "ChessBase"]
[SourceDate "2005.11.04"]
[SourceVersion "1"]
[SourceVersionDate "2005.11.04"]
[SourceQuality "1"]

1. d4 Nf6 2. c4 c5 3. d5 b5 4. cxb5 a6 5. b6 e6 6. Nc3 Nxd5 7. Nxd5 exd5 8. Qxd5 Nc6 9. Nf3 Rb8 10. e4 Be7 11. Bc4 0-0 12. 0-0 Rxb6 13. Qh5 d6 14. b3 Be6 15. Bxe6 fxe6 16. Qg4 Qc8 17. Bb2 Bf6 18. Bxf6 Rxf6 19. Nd2 Qf8 20. Nc4 Rb4 21. f4 d5 22. exd5 exd5 23. Ne3 Rd4 24. Rad1 Nb4 25. Qh5 Rfxf4 26. Rxf4 Rxd1+ 27. Qxd1 Qxf4 28. Nxd5 Qd6 29. Qe2 Nxd5 30. Qe8+ Qf8 31. Qe6+ Qf7 32. Qc8+ Qf8 33. Qe6+ Qf7 34. Qc8+ Qf8 35. Qe6+ 1/2-1/2